Statistics for Words That Rhyme With Spain

Click here to take the quiz!

General Stats

  • This quiz has been taken 61,935 times
    (61,498 since last reset)
  • The average score is 20 of 36

Answer Stats

Word% Correct
Pain
96%
Rain
90%
Main
85%
Gain
83%
Cane
81%
Lane
79%
Bane
78%
Sane
75%
Train
72%
Mane
71%
Crane
68%
Wane
68%
Brain
67%
Vain
66%
Drain
63%
Plain
63%
Stain
62%
Pane
61%
Grain
60%
Lain
59%
Vane
58%
Plane
57%
Slain
56%
Reign
51%
Chain
50%
Vein
49%
Feign
43%
Strain
39%
Swain
30%
Deign
28%
Twain
27%
Rein
26%
Sprain
24%
Thane
24%
Seine
16%
Skein
16%

Score Distribution

Percentile by Number Answered

Percent of People with Each Score

Your Score History

You have not taken this quiz since the last reset